Radon in dwellings in England. (Record no. 90709)

MARC details
000 -LEADER
fixed length control field 00919cam a2200277 4500
008 - FIXED-LENGTH DATA ELEMENTS--GENERAL INFORMATION
fixed length control field 090401t1992 xxu||||| |||| 00| 0 eng d
020 ## - INTERNATIONAL STANDARD BOOK NUMBER
International Standard Book Number 0859513491
035 ## - SYSTEM CONTROL NUMBER
System control number (Sirsi) u38799
041 ## - LANGUAGE CODE
Language code of text/sound track or separate title eng
050 ## - LIBRARY OF CONGRESS CALL NUMBER
Classification number 615.925756
100 ## - MAIN ENTRY--PERSONAL NAME
Personal name Green, B. M. R.
245 ## - TITLE STATEMENT
Title Radon in dwellings in England.
260 ## - PUBLICATION, DISTRIBUTION, ETC.
Place of publication, distribution, etc. London
Name of publisher, distributor, etc. HMSO
Date of publication, distribution, etc. 1992
300 ## - PHYSICAL DESCRIPTION
Extent 72p. : ill.,maps ; 30cm.
350 ## - PRICE (NR) (BK AM CF MU VM SE) [OBSOLETE]
Price 10
490 ## - SERIES STATEMENT
Series statement NRPB
Volume/sequential designation -R254
520 ## - SUMMARY, ETC.
Summary, etc. Survey, carried out for the DoE by the National Radiological Protection Board, which measures levels of radon in 92,000 dwellings in England. Highest levels are in Devon and Cornwall, followed by Derbyshire, Northamptonshire and Somerset.
650 ## - SUBJECT ADDED ENTRY--TOPICAL TERM
Topical term or geographic name entry element HOUSES
650 ## - SUBJECT ADDED ENTRY--TOPICAL TERM
Topical term or geographic name entry element RADIATION
690 ## - LOCAL SUBJECT ADDED ENTRY--TOPICAL TERM (OCLC, RLIN)
Topical term or geographic name as entry element BUILT ENVIRONMENT
700 ## - ADDED ENTRY--PERSONAL NAME
Personal name Lomas, P.R.
700 ## - ADDED ENTRY--PERSONAL NAME
Personal name O'Riordan, M. C.
710 ## - ADDED ENTRY--CORPORATE NAME
Corporate name or jurisdiction name as entry element National Radiological Protection Board
9 (RLIN) 241
942 ## - ADDED ENTRY ELEMENTS (KOHA)
Suppress in OPAC 0
948 ## - LOCAL PROCESSING INFORMATION (OCLC); SERIES PART DESIGNATOR (RLIN)
c (OCLC) 04/03/1997
Holdings
Withdrawn status Lost status Source of classification or shelving scheme Damaged status Not for loan Home library Current library Shelving location Date acquired Cost, normal purchase price Total Checkouts Full call number Barcode Date last seen Copy number Cost, replacement price Price effective from Koha item type
    Dewey Decimal Classification     London London Basement 16/06/1992 10.00   BASEMENT 30033564 06/08/2019 1 10.00 06/08/2019 Book